[Event "ch-NED"]
[Site "Boxtel NED"]
[Date "2011.06.26"]
[Round "1"]
[White "Janssen,Ru"]
[Black "Brandenburg,D"]
[Result "1/2-1/2"]
[WhiteElo "2512"]
[BlackElo "2535"]
[EventDate "2011.06.25"]

1. c4 Nf6 2. g3 g6 3. Bg2 Bg7 4. Nc3 O-O 5. d3 e5 6. e4 d6 7. Nge2 Nc6 8.
O-O Nh5 9. Be3 f5 10. exf5 Bxf5 11. d4 Kh8 12. h3 Bd7 13. b3 a6 14. Qd2 Rb8
15. dxe5 Nxe5 16. f4 Nc6 17. Rad1 Nf6 18. c5 d5 19. g4 Be6 20. f5 gxf5 21.
gxf5 Bf7 22. Nf4 d4 23. Bxd4 Nxd4 24. Qxd4 Qxd4+ 25. Rxd4 Nh5 26. Rd3 Rbd8
27. Rxd8 Rxd8 28. Nce2 Rd2 29. Bxb7 Nxf4 30. Nxf4 Bd4+ 31. Kh1 Rxa2 32. Bd5
Bxd5+ 33. Nxd5 Bxc5 34. Nxc7 Kg8 35. Ne6 Be3 36. f6 Rf2 37. Rxf2 Bxf2 38.
Nc7 a5 39. Kg2 Bd4 40. Nd5 Kf7 41. Kf3 Bxf6 42. Ke4 1/2-1/2

[Event "ch-NED"]
[Site "Boxtel NED"]
[Date "2011.06.26"]
[Round "1"]
[White "Spoelman,W"]
[Black "Swinkels,R"]
[Result "1-0"]
[WhiteElo "2564"]
[BlackElo "2483"]
[EventDate "2011.06.25"]

1. d4 Nf6 2. c4 g6 3. Nc3 d5 4. cxd5 Nxd5 5. Bd2 Nb6 6. Nf3 Bg7 7. Bf4 O-O
8. e3 c5 9. dxc5 N6d7 10. Rc1 Nxc5 11. Nd5 Nbd7 12. Bc7 Qe8 13. Bg3 Ne6 14.
Bb5 Qd8 15. Nc7 Nxc7 16. Bxc7 Qe8 17. Ne5 Bxe5 18. Bxe5 a6 19. Rxc8 Qxc8
20. Bxd7 Qc4 21. b3 Qe4 22. Bc7 Qxg2 23. Ke2 b5 24. Rg1 Qe4 25. f3 Qb4 26.
Qc2 e6 27. Bxe6 fxe6 28. Rxg6+ Kf7 29. Rg4 Qe7 30. Be5 Rfc8 31. Qxh7+ Ke8
32. Rg8+ Kd7 33. Rg7 1-0

[Event "ch-NED"]
[Site "Boxtel NED"]
[Date "2011.06.26"]
[Round "1"]
[White "Sokolov,Ivan"]
[Black "Nijboer,F"]
[Result "1-0"]
[WhiteElo "2645"]
[BlackElo "2538"]
[EventDate "2011.06.25"]

1. d4 Nf6 2. c4 g6 3. Nc3 Bg7 4. Bf4 d5 5. Rc1 O-O 6. e3 dxc4 7. Bxc4 c5 8.
Nf3 cxd4 9. exd4 a6 10. O-O b5 11. Bb3 Bb7 12. Re1 Nc6 13. a3 Rc8 14. Ba2
e6 15. Qd2 Ne7 16. Ne5 Nfd5 17. Bh6 Bxh6 18. Qxh6 Nf5 19. Qd2 Nxc3 20. bxc3
Bd5 21. Bb1 Nd6 22. Bd3 Bc4 23. a4 Bxd3 24. Qxd3 Nc4 25. axb5 axb5 26. Rb1
Qa5 27. Nd7 Rfd8 28. Nf6+ Kg7 29. Ne4 e5 30. Qf3 Qb6 31. dxe5 Nxe5 32. Qg3
Rd5 33. h4 Qc7 34. Qf4 Nc4 35. Qf6+ Kg8 36. Rbd1 Rxd1 37. Rxd1 Qe5 38. Qa6
Rb8 39. Nf6+ Kg7 40. Nd7 Qe2 41. Qf6+ Kg8 42. Qd4 Rc8 43. Nf6+ Kg7 44. Nh5+
Kf8 45. Nf6 Ne5 46. Ra1 Nc6 47. Nxh7+ Kg8 48. Nf6+ Kf8 49. Qf4 Kg7 50. Ne4
Re8 51. Qf6+ Kg8 52. Nd6 1-0

[Event "ch-NED"]
[Site "Boxtel NED"]
[Date "2011.06.27"]
[Round "2"]
[White "Smeets,J"]
[Black "Sokolov,Ivan"]
[Result "1-0"]
[WhiteElo "2647"]
[BlackElo "2645"]
[EventDate "2011.06.25"]

1. e4 e5 2. Nf3 Nc6 3. Bb5 a6 4. Bxc6 dxc6 5. O-O f6 6. d4 Bg4 7. dxe5 Qxd1
8. Rxd1 fxe5 9. Nbd2 O-O-O 10. Re1 Re8 11. h3 Bh5 12. b3 Bb4 13. g4 Bf7 14.
Bb2 Nf6 15. Rad1 Nd7 16. a3 Bd6 17. Ng5 Bg8 18. Kg2 Rf8 19. Nf1 g6 20. Nf3
h5 21. Ng5 b5 22. Rd2 Rf4 23. f3 Kd8 24. Ng3 Ke7 25. gxh5 Nf8 26. Red1 Ne6
27. Nxe6 Bxe6 28. hxg6 Bxh3+ 29. Kf2 Bc5+ 30. Ke2 Bg2 31. Bxe5 Bxf3+ 32.
Kd3 Rd8+ 33. Kc3 Rxd2 34. Rxd2 Rg4 35. b4 Ke6 36. Bxc7 Be7 37. Rd3 Bxe4 38.
Re3 Bf6+ 39. Kb3 Kd5 40. Nxe4 Rxe4 41. Rd3+ Rd4 42. Rxd4+ Bxd4 43. c3 Bf6
44. Bb6 Ke6 45. Bd4 Bd8 46. c4 a5 47. c5 1-0

[Event "ch-NED"]
[Site "Boxtel NED"]
[Date "2011.06.27"]
[Round "2"]
[White "Swinkels,R"]
[Black "Ernst,S"]
[Result "1/2-1/2"]
[WhiteElo "2483"]
[BlackElo "2596"]
[EventDate "2011.06.25"]

1. e4 e5 2. Nf3 Nc6 3. Bb5 g6 4. d4 exd4 5. Bg5 Be7 6. Bxe7 Qxe7 7. Bxc6
dxc6 8. Qxd4 Nf6 9. O-O c5 10. Qe5 Qxe5 11. Nxe5 O-O 12. f3 Re8 13. Nd3 b6
14. Nc3 Bb7 15. Nf4 Bc6 16. Rfd1 Kf8 17. Nfd5 Bxd5 18. Nxd5 Nxd5 19. Rxd5
Red8 20. Rad1 Rxd5 21. Rxd5 Ke7 22. Kf2 a5 23. Ke3 a4 24. g4 h6 25. f4 f6
26. h4 Rh8 27. h5 c6 28. Rd1 gxh5 29. gxh5 Rg8 30. Kf3 b5 31. a3 c4 32. c3
Ke6 33. e5 fxe5 34. Re1 Rd8 35. Rxe5+ Kf7 36. Re2 Rd1 37. Rg2 Rh1 38. f5
Rxh5 39. Ke4 Rh3 40. Rg6 Rh2 41. Rxc6 1/2-1/2

[Event "ch-NED"]
[Site "Boxtel NED"]
[Date "2011.06.27"]
[Round "2"]
[White "Brandenburg,D"]
[Black "Nijboer,F"]
[Result "1/2-1/2"]
[WhiteElo "2535"]
[BlackElo "2538"]
[EventDate "2011.06.25"]

1. e4 e5 2. Nf3 Nc6 3. Bc4 Nf6 4. Ng5 d5 5. exd5 Na5 6. Bb5+ c6 7. dxc6
bxc6 8. Bd3 Nd5 9. Nf3 Bd6 10. O-O O-O 11. Re1 Re8 12. Nc3 f5 13. Nxd5 cxd5
14. Bb5 Bd7 15. Bxd7 Qxd7 16. d4 e4 17. Ne5 Bxe5 18. dxe5 Rxe5 19. Bf4 Re6
20. Qd2 Nc6 21. c3 h6 22. Rad1 Rd8 23. h4 Qe7 24. Bg3 Ne5 25. Bxe5 Rxe5 26.
g3 g5 27. hxg5 hxg5 28. f3 e3 29. Qg2 e2 30. Rd2 Re8 31. f4 Re4 32. Rxd5
Qe6 33. Rd4 Rxd4 34. cxd4 g4 35. Qb7 Qe3+ 36. Kg2 Qxd4 37. Qb3+ Kf8 38. Qc3
Qxc3 39. bxc3 Re3 40. c4 Ke7 41. Kf2 Rf3+ 42. Kxe2 Kf6 43. Kd2 Rxg3 44. c5
Rh3 45. c6 Rh8 1/2-1/2

[Event "ch-NED"]
[Site "Boxtel NED"]
[Date "2011.06.28"]
[Round "3"]
[White "L'Ami,E"]
[Black "Swinkels,R"]
[Result "0-1"]
[WhiteElo "2611"]
[BlackElo "2483"]
[EventDate "2011.06.25"]

1. d4 Nf6 2. c4 e5 3. dxe5 Ng4 4. Bf4 Nc6 5. Nf3 Bb4+ 6. Nbd2 Qe7 7. a3
Ngxe5 8. Nxe5 Nxe5 9. e3 Bxd2+ 10. Qxd2 d6 11. Be2 b6 12. O-O Bb7 13. b4
Ng6 14. Bg3 h5 15. c5 dxc5 16. bxc5 h4 17. Bb5+ Kf8 18. c6 Bc8 19. Bf4 Rh5
20. Be2 Nxf4 21. exf4 Rc5 22. Bf3 Be6 23. Rad1 Qf6 24. Rfe1 Bb3 25. Rc1
Rxc1 26. Rxc1 Be6 27. Rd1 Ke8 28. Re1 Rd8 29. Qe3 Kf8 30. g4 hxg3 31. hxg3
Qd4 32. Qc1 Bd5 33. Bxd5 Rxd5 34. Qb1 Qd3 35. Qb4+ Rd6 36. f5 Qd4 37. Qb3
Qd5 38. Qa4 Rh6 39. Qb4+ Kg8 40. Qe4 Qxe4 41. Rxe4 Rxc6 42. Re8+ Kh7 43.
Re7 f6 44. Kg2 b5 45. g4 a5 46. f4 b4 47. axb4 axb4 48. g5 fxg5 49. fxg5 b3
50. f6 b2 51. Rxg7+ Kh8 52. g6 Rxf6 53. Rh7+ Kg8 54. Rh1 Rc6 55. Rb1 Rc2+
56. Kf3 c5 57. Ke3 c4 0-1

[Event "ch-NED"]
[Site "Boxtel NED"]
[Date "2011.06.28"]
[Round "3"]
[White "Nijboer,F"]
[Black "Smeets,J"]
[Result "1/2-1/2"]
[WhiteElo "2538"]
[BlackElo "2647"]
[EventDate "2011.06.25"]

1. e4 e5 2. Nf3 Nc6 3. Bb5 Nf6 4. d3 Bc5 5. c3 O-O 6. O-O d5 7. exd5 Qxd5
8. Bc4 Qd7 9. b4 Bd6 10. Re1 h6 11. Nbd2 Re8 12. a4 a6 13. a5 Qe7 14. Ne4
Nxe4 15. dxe4 Be6 16. Bxe6 Qxe6 17. Qe2 Red8 18. Be3 Rd7 19. Reb1 Ne7 20.
Nd2 c6 21. Nc4 Re8 22. Rd1 Bc7 23. Rxd7 Qxd7 24. Rd1 Qc8 25. Bb6 Ng6 26. g3
Nf8 27. Qe3 Qe6 28. Qe2 Bb8 29. Kg2 g6 30. Ne3 h5 31. Qc4 Qf6 32. Qd3 Qe6
33. Qc4 Qf6 34. Qd3 Qe6 35. h4 Re7 36. Qd8 Re8 37. Qd3 Re7 38. Qd8 Re8 39.
Qd3 1/2-1/2

[Event "ch-NED"]
[Site "Boxtel NED"]
[Date "2011.06.28"]
[Round "3"]
[White "Spoelman,W"]
[Black "Brandenburg,D"]
[Result "1-0"]
[WhiteElo "2564"]
[BlackElo "2535"]
[EventDate "2011.06.25"]

1. d4 Nf6 2. c4 c5 3. d5 b5 4. cxb5 a6 5. bxa6 g6 6. Nc3 Bxa6 7. g3 d6 8.
Bg2 Bg7 9. Nf3 Nbd7 10. Rb1 O-O 11. O-O Ne8 12. Qc2 Nc7 13. Rd1 Bxc3 14.
Qxc3 Bxe2 15. Bh6 Nf6 16. Re1 Ncxd5 17. Qd2 Bb5 18. Bxf8 Qxf8 19. a3 Ra4
20. b4 c4 21. Nd4 Bd7 22. b5 e6 23. b6 Qb8 24. Nc2 Ra6 25. b7 Ra7 26. Qd4
Ra4 27. Nb4 Rxb4 28. Rxb4 Bc6 29. Qxc4 1-0

[Event "ch-NED"]
[Site "Boxtel NED"]
[Date "2011.06.28"]
[Round "3"]
[White "Ernst,S"]
[Black "Janssen,Ru"]
[Result "1-0"]
[WhiteElo "2596"]
[BlackElo "2512"]
[EventDate "2011.06.25"]

1. d4 Nf6 2. c4 e6 3. Nf3 Bb4+ 4. Nbd2 d5 5. Qa4+ Nc6 6. a3 Be7 7. g3 O-O
8. Bg2 a5 9. O-O Bd7 10. Qc2 a4 11. cxd5 exd5 12. b4 axb3 13. Nxb3 Re8 14.
Ne5 Bd6 15. Nxd7 Qxd7 16. e3 Na5 17. Nxa5 Rxa5 18. Bd2 Qa4 19. Qf5 Rb5 20.
Rfb1 Rxb1+ 21. Qxb1 b6 22. Bf1 Qd7 23. Bb5 c6 24. Be2 b5 25. a4 bxa4 26.
Rxa4 Rb8 27. Qa2 c5 28. dxc5 Bxc5 29. Bf3 Re8 30. Ra5 Bb6 31. Ra6 Bc5 32.
Be1 Rd8 33. Qa5 Bf8 34. Ra7 Qe8 35. Bc3 Ne4 36. Bd4 g6 37. Kg2 h5 38. h4
Bg7 1-0

[Event "ch-NED"]
[Site "Boxtel NED"]
[Date "2011.06.29"]
[Round "4"]
[White "Swinkels,R"]
[Black "Sokolov,Ivan"]
[Result "1-0"]
[WhiteElo "2483"]
[BlackElo "2645"]
[EventDate "2011.06.25"]

1. e4 e5 2. Nf3 Nc6 3. Bb5 a6 4. Bxc6 dxc6 5. O-O Bg4 6. h3 Bh5 7. g4 Bg6
8. Nxe5 Qh4 9. Qf3 f6 10. Nxg6 hxg6 11. Kg2 O-O-O 12. d3 g5 13. Rh1 Ne7 14.
Be3 Qh7 15. Nd2 Kb8 16. Kg1 Qg8 17. Nc4 Ng6 18. a3 Nh4 19. Qg3 Re8 20. f3
g6 21. b4 Be7 22. Bb6 Bd8 23. Bd4 Rh7 24. Rh2 f5 25. Rf2 Qe6 26. c3 Rd7 27.
Raf1 f4 28. Qh2 Rxd4 29. cxd4 Qd7 30. Kh1 Rh8 31. Qg1 Qxd4 32. Rd2 Qc3 33.
Rc1 Qg7 34. Qf1 Bf6 35. d4 Bxd4 36. Rcd1 c5 37. bxc5 Bxc5 38. e5 Qe7 39.
Rd5 Be3 40. Qd3 Rh7 41. Rd8+ Ka7 42. Rd7 Nxf3 43. Qf1 Qc5 44. Rxh7 Nd4 45.
Nxe3 fxe3 46. Rxd4 Qxd4 47. Rxc7 Qd5+ 48. Qg2 e2 49. Rc1 1-0

[Event "ch-NED"]
[Site "Boxtel NED"]
[Date "2011.06.29"]
[Round "4"]
[White "Brandenburg,D"]
[Black "Smeets,J"]
[Result "1/2-1/2"]
[WhiteElo "2535"]
[BlackElo "2647"]
[EventDate "2011.06.25"]

1. e4 e5 2. Bc4 Nf6 3. d3 Bc5 4. Nf3 O-O 5. O-O d6 6. c3 Bb6 7. Bb3 c6 8.
Nbd2 Re8 9. Re1 h6 10. h3 Nbd7 11. Nf1 d5 12. Ng3 Bc7 13. Nh2 Nc5 14. Bc2
dxe4 15. dxe4 Qxd1 16. Rxd1 Be6 17. Be3 Bb6 18. Nhf1 a5 19. b4 Ncd7 20. a4
c5 21. Rdb1 cxb4 22. cxb4 Bxe3 23. Nxe3 axb4 24. Rxb4 Nc5 25. Rd1 g6 26.
Ne2 Rec8 27. f3 Kg7 28. Kf2 Bd7 29. Rdb1 Rc7 30. Rb6 Be6 31. R6b2 Bd7 32.
Rb6 Bc6 33. Nc3 Ne6 34. Ne2 Nd7 35. R6b4 Ndc5 36. Nc4 Bxa4 37. Bxa4 Nd3+
38. Ke3 Nxb4 39. Rxb4 Rxa4 40. Rxa4 b5 41. Ra5 bxc4 42. Rxe5 Ra7 43. Rd5
Ra3+ 44. Kf2 Ra2 45. Ke3 Ra3+ 46. Kf2 Ra2 47. Ke3 Ra3+ 1/2-1/2

[Event "ch-NED"]
[Site "Boxtel NED"]
[Date "2011.06.29"]
[Round "4"]
[White "Janssen,Ru"]
[Black "L'Ami,E"]
[Result "0-1"]
[WhiteElo "2512"]
[BlackElo "2611"]
[EventDate "2011.06.25"]

1. Nf3 Nf6 2. g3 g6 3. b3 Bg7 4. Bb2 O-O 5. Bg2 d6 6. d4 e5 7. dxe5 Ng4 8.
Nc3 Nxe5 9. Nxe5 Bxe5 10. O-O Nc6 11. Qd2 Be6 12. Rad1 Qd7 13. f4 Bg7 14.
e4 Rad8 15. f5 gxf5 16. exf5 Bxf5 17. Nd5 Bxb2 18. c3 f6 19. Qxb2 Kh8 20.
Qf2 Bg4 21. Rde1 Qg7 22. Nxf6 Ne5 23. Re4 Rf7 24. Rf4 Nd3 25. Rxg4 Nxf2 26.
Rxg7 Kxg7 27. Nh5+ Kh6 28. Nf4 Ng4 29. Bxb7 Ne5 30. Bd5 Rf6 31. Re1 Rdf8
32. c4 c5 33. Kg2 a5 34. Re2 Rxf4 35. gxf4 Rxf4 36. Rd2 Kg5 37. Bg8 Rg4+
38. Kf2 Kf4 39. Be6 Rg6 40. Rxd6 Ng4+ 41. Ke2 Nxh2 42. Kd3 Nf3 43. Ra6 Rg2
44. Kc3 Ne1 45. b4 axb4+ 46. Kb3 Nc2 47. a3 Nd4+ 48. Ka4 Ra2 0-1

[Event "ch-NED"]
[Site "Boxtel NED"]
[Date "2011.06.29"]
[Round "4"]
[White "Spoelman,W"]
[Black "Ernst,S"]
[Result "1/2-1/2"]
[WhiteElo "2564"]
[BlackElo "2596"]
[EventDate "2011.06.25"]

1. d4 Nf6 2. c4 g6 3. Nc3 d5 4. Bg5 Ne4 5. Bh4 Nxc3 6. bxc3 dxc4 7. e3 Be6
8. Nf3 Nd7 9. Rb1 Nb6 10. Qc2 Bg7 11. Be2 O-O 12. O-O Rc8 13. a4 c5 14.
Rfd1 Bf5 15. e4 Bd7 16. dxc5 Rxc5 17. Qd2 Rc7 18. Bg3 Rc8 19. Qe3 Qe8 20.
a5 Na4 21. e5 b5 22. axb6 axb6 23. Nd4 b5 24. Rb4 Nc5 25. Rdb1 Na6 26. R4b2
Nc7 27. Bf3 e6 28. Ra1 Qe7 29. Ra7 Rfd8 30. Nxb5 Bxb5 31. Rxb5 Qd7 32. Rb1
Qd3 33. Qe1 Nd5 34. Rbb7 Rb8 35. Bxd5 Qxd5 36. Rxf7 Bh6 37. h4 Qd3 38. Rfb7
Rxb7 39. Rxb7 Qc2 40. Rb1 Bd2 41. Qd1 Qd3 42. Kh2 Bxc3 43. Qg4 Qxb1 44.
Qxe6+ Kf8 45. Qf6+ Ke8 46. Qe6+ 1/2-1/2

[Event "ch-NED"]
[Site "Boxtel NED"]
[Date "2011.06.30"]
[Round "5"]
[White "L'Ami,E"]
[Black "Spoelman,W"]
[Result "1/2-1/2"]
[WhiteElo "2611"]
[BlackElo "2564"]
[EventDate "2011.06.25"]

1. d4 d5 2. c4 c6 3. Nf3 e6 4. Nc3 dxc4 5. Bg5 f6 6. Bd2 b5 7. a4 Qd7 8. g3
Bb4 9. Bh3 Ne7 10. O-O a5 11. axb5 cxb5 12. d5 Bxc3 13. dxe6 Qd5 14. Bxc3
Nbc6 15. Nd4 Nxd4 16. Bg2 Qxe6 17. Qxd4 Ra6 18. Rxa5 Rxa5 19. Bxa5 Kf7 20.
Qc5 Bd7 21. Rd1 Rc8 22. Qa7 Bc6 23. Bxc6 Rxc6 24. Bb4 Ra6 25. Qb7 Rb6 26.
Qc7 Rc6 27. Qd7 Rb6 28. e3 Qe4 29. Bxe7 Qxe7 30. Qd5+ Kf8 31. Qf5 Rd6 32.
Rxd6 Qxd6 33. Qxb5 Qd1+ 34. Kg2 Qc2 35. Qc5+ Kf7 36. Qd5+ Ke7 37. Qd4 h5
38. h4 Qe2 39. Qc5+ Ke6 40. Qc6+ Ke5 41. Qc5+ Ke4 42. Qd4+ Kf5 43. Qd5+ Kg6
44. Qe4+ Kh6 45. Qd4 Kg6 46. Qc3 Kh6 47. b3 cxb3 48. Qxb3 Kg6 49. Qd5 Kh6
50. Qf5 Qd1 51. e4 Qe2 52. Qf4+ Kg6 53. Qf3 Qb5 54. Qe3 Kf7 55. Qd2 Kg6 56.
Qd6 Qe2 57. Qe6 Kh7 58. Qf5+ Kh6 59. Kh2 Qd1 60. Qf4+ Kg6 61. Qe3 Kf7 62.
Kg2 Kg6 63. Qf3 Qd7 64. Qe2 Qc6 65. Qd3 Kh6 66. Kf3 Qa4 67. Ke2 Qc6 68. Qd5
Qa4 69. Kf3 Qc2 70. Qd4 Kg6 71. Qe3 Kf7 72. Kg2 Kg6 73. Qf3 Qc8 74. Qd3 Kh6
75. Qe3+ Kg6 76. Kg1 Qc2 77. e5 Qd1+ 78. Kh2 fxe5 79. Qxe5 Kh7 80. Qe4+ g6
81. Kg2 Kg7 82. Qb7+ Kg8 83. Qf3 Qc2 84. Qd5+ Kg7 85. Qd7+ Kf6 86. Qe8 Qc5
87. Qe3 Qc2 88. Qd4+ Kf7 89. Kf3 Qc6+ 90. Kf4 Qc1+ 91. Ke4 Qc2+ 92. Kd5
Qf5+ 93. Kd6 Qe6+ 94. Kc5 Qc8+ 95. Kb4 Qb7+ 96. Kc3 Qf3+ 97. Kd2 Qb3 98.
Qd7+ Kf6 99. Qd3 Qb6 100. Ke2 Qc5 101. Qe3 Qc2+ 102. Kf3 Qc6+ 103. Qe4 Qc3+
104. Kg2 Qb2 105. Qf4+ Kg7 106. Qc7+ Kf6 107. Qd8+ Kf7 108. Qd7+ Kf6 109.
Qe8 Qb4 110. Qe3 Qb2 111. Qf4+ Kg7 112. Kf3 Qc3+ 113. Qe3 Qc6+ 114. Qe4 Qc5
115. Kg2 Kf7 116. g4 hxg4 117. Qxg4 Qc2 118. Kg3 Qb1 119. Qf4+ Kg7 120. Kg2
Qc2 121. Qe5+ Kf7 122. Kg3 Qb1 123. Kg4 Qd1+ 124. f3 Qd7+ 125. Kg3 Qa7 126.
Kf4 Qd7 127. h5 Qd2+ 128. Kg3 gxh5 129. Qxh5+ Kf6 130. Qh8+ Kf7 131. Qe5
Qd1 132. Qc7+ Kf6 133. Qc6+ Kf7 134. Qc7+ Kf6 135. Qb6+ Kf5 136. Qc5+ Kf6
137. Kg4 Qd7+ 138. Kf4 Qd2+ 139. Kg3 Qg5+ 140. Qxg5+ Kxg5 141. f4+ Kf5 142.
Kf3 Kf6 143. Ke4 Ke6 144. f5+ Kf6 145. Kf4 Kf7 146. Ke5 Ke7 147. f6+ Kf7
148. Kf5 Kf8 149. Ke6 Ke8 150. f7+ Kf8 151. Kf6 1/2-1/2

[Event "ch-NED"]
[Site "Boxtel NED"]
[Date "2011.06.30"]
[Round "5"]
[White "Sokolov,Ivan"]
[Black "Janssen,Ru"]
[Result "1-0"]
[WhiteElo "2645"]
[BlackElo "2512"]
[EventDate "2011.06.25"]

1. d4 Nf6 2. c4 e6 3. Nc3 Bb4 4. e3 b6 5. Nge2 Ba6 6. Ng3 h5 7. h4 Bb7 8.
f3 c5 9. a3 cxd4 10. axb4 dxc3 11. bxc3 Qc7 12. Kf2 Nc6 13. Be2 Ne5 14. c5
bxc5 15. bxc5 Qxc5 16. Ba3 Qc6 17. Qd6 Qxd6 18. Bxd6 Nc6 19. Rhb1 Nd8 20.
Ra5 Bc6 21. Ba6 g6 22. e4 Ng8 23. Ne2 f6 24. c4 Ne7 25. c5 Kf7 26. Nf4 Nc8
27. Bc7 Kg7 28. Rd1 Nf7 29. Bb5 Bxb5 30. Rxb5 g5 31. hxg5 fxg5 32. Rxd7
gxf4 33. Be5+ Kg6 34. Bxh8 Nxh8 35. Rbb7 a5 36. Rh7 1-0

[Event "ch-NED"]
[Site "Boxtel NED"]
[Date "2011.06.30"]
[Round "5"]
[White "Nijboer,F"]
[Black "Swinkels,R"]
[Result "0-1"]
[WhiteElo "2538"]
[BlackElo "2483"]
[EventDate "2011.06.25"]

1. e4 c6 2. d4 d5 3. e5 Bf5 4. Nd2 e6 5. Nb3 Nd7 6. Nf3 Ne7 7. Be2 Nc8 8.
O-O Be7 9. Be3 O-O 10. c3 Qc7 11. a4 c5 12. dxc5 Nxc5 13. Nfd4 Nxb3 14.
Qxb3 Be4 15. f3 Bg6 16. f4 Bc5 17. Qd1 a6 18. Kh1 Be4 19. Bf3 Bxf3 20. Rxf3
Ne7 21. Rh3 Bxd4 22. Bxd4 Nf5 23. a5 Nxd4 24. Qxd4 Rac8 25. Rd3 Qe7 26. Qf2
g6 27. Rd4 Rc5 28. Rb4 Rfc8 29. Kg1 Rc4 30. Rxc4 Rxc4 31. g3 Qc7 32. Qe3
Rc5 33. g4 Rxa5 34. Rxa5 Qxa5 35. Kg2 Qb5 36. b4 Qc4 37. h3 d4 38. cxd4
Qxb4 39. f5 a5 40. d5 exd5 41. e6 Qe7 42. Kh1 gxf5 43. gxf5 fxe6 44. fxe6
Kg7 45. Qe5+ Kg6 46. Qxd5 Kf6 47. Qxa5 Kxe6 48. Qb6+ Kf7 49. Qb3+ Ke8 50.
Qd5 Qf7 51. Qd6 Qf3+ 52. Kh2 h5 53. Kg1 Qe3+ 54. Kg2 Qe4+ 55. Kh2 h4 56.
Qc7 Qe2+ 57. Kg1 Qe3+ 58. Kg2 Qg5+ 59. Kh2 Qd2+ 60. Kg1 Qd4+ 61. Kg2 Qd5+
62. Kh2 b5 63. Qc8+ Ke7 64. Qc7+ Ke6 65. Qc8+ Kf7 66. Qc7+ Kg6 67. Qf4 Qa2+
68. Kg1 Qb1+ 69. Kg2 Qc2+ 70. Kg1 Qc5+ 71. Kh2 Qc4 72. Qe5 b4 73. Qe8+ Kf6
74. Qf8+ Ke5 75. Qe7+ Kd5 76. Qf7+ Kd4 77. Qf4+ Kc3 78. Qe3+ 0-1

[Event "ch-NED"]
[Site "Boxtel NED"]
[Date "2011.06.30"]
[Round "5"]
[White "Ernst,S"]
[Black "Brandenburg,D"]
[Result "1/2-1/2"]
[WhiteElo "2596"]
[BlackElo "2535"]
[EventDate "2011.06.25"]

1. Nf3 Nf6 2. c4 g6 3. Nc3 Bg7 4. e4 d6 5. d4 O-O 6. Be2 e5 7. O-O Na6 8.
Be3 Ng4 9. Bg5 Qe8 10. h3 h6 11. Bh4 exd4 12. Nxd4 Nf6 13. Bf3 Nh7 14. g4
Ng5 15. Bg2 Nc5 16. f4 Ngxe4 17. Nd5 g5 18. Be1 gxf4 19. Nxc7 Qe5 20. Ne2
Rb8 21. Rb1 f5 22. gxf5 Bxf5 23. Nxf4 Ng5 24. Ncd5 Bxb1 25. Bc3 Qe8 26.
Bxg7 Kxg7 27. Qxb1 Nce6 28. Qd3 Nxf4 29. Nxf4 Rxf4 30. Rxf4 Qe1+ 31. Kh2
Qe5 32. Qg3 Kh8 33. h4 Ne6 34. Rf7 Qxg3+ 35. Kxg3 b5 36. cxb5 Rxb5 37. b3
a5 38. Rd7 Nd4 39. Bf1 Rc5 40. Bc4 a4 41. Kf4 axb3 42. axb3 Rh5 43. Rxd6
Rxh4+ 44. Ke5 Nf3+ 45. Kf6 Rf4+ 46. Kg6 Ne5+ 47. Kxh6 Rh4+ 48. Kg5 Rxc4
1/2-1/2

[Event "ch-NED"]
[Site "Boxtel NED"]
[Date "2011.07.02"]
[Round "6"]
[White "Spoelman,W"]
[Black "Sokolov,Ivan"]
[Result "0-1"]
[WhiteElo "2564"]
[BlackElo "2645"]
[EventDate "2011.06.25"]

1. d4 Nf6 2. c4 b6 3. Nc3 Bb7 4. Qc2 d5 5. cxd5 Nxd5 6. e4 Nxc3 7. bxc3 g6
8. Nf3 Bg7 9. Bc4 O-O 10. O-O Nd7 11. Bf4 e5 12. dxe5 Qe7 13. Rad1 Nxe5 14.
Nxe5 Bxe5 15. Bxe5 Qxe5 16. Bd5 c6 17. f4 Qe7 18. Bb3 Rad8 19. e5 Bc8 20.
Rxd8 Rxd8 21. Rd1 Kg7 22. Rxd8 Qxd8 23. Qd1 Qe7 24. Qd4 c5 25. Qe4 h5 26.
Bd5 b5 27. Bc6 a6 28. a3 c4 29. Qd4 Be6 30. a4 b4 31. cxb4 Qxb4 32. Kf2 a5
33. Ke3 Qe1+ 0-1

[Event "ch-NED"]
[Site "Boxtel NED"]
[Date "2011.07.02"]
[Round "6"]
[White "Janssen,Ru"]
[Black "Nijboer,F"]
[Result "0-1"]
[WhiteElo "2512"]
[BlackElo "2538"]
[EventDate "2011.06.25"]

1. g3 g6 2. Bg2 Bg7 3. c4 f5 4. Nc3 Nf6 5. d3 d6 6. e4 fxe4 7. dxe4 O-O 8.
Nge2 c5 9. O-O Nc6 10. f4 Be6 11. b3 Qd7 12. Qd3 Bg4 13. Be3 e5 14. Rf2 Nd4
15. Rff1 Rae8 16. Rae1 Kh8 17. Bd2 a6 18. Kh1 b5 19. Ng1 b4 20. Nd1 a5 21.
Ne3 Be6 22. f5 gxf5 23. exf5 Bg8 24. g4 Bh6 25. h3 e4 26. Qb1 Qg7 27. Qc1
Bg5 28. Nc2 Bxd2 29. Qxd2 Nxc2 30. Qxc2 h5 31. Qd2 hxg4 32. Qxd6 Rd8 33.
Qxc5 Nh5 34. Re3 Rd3 35. f6 Nxf6 36. Rf5 Bh7 37. Rg5 Nd7 38. Qxa5 Qf6 39.
Re1 gxh3 40. Nxh3 Qc3 41. Rb1 Rxh3+ 42. Bxh3 Qxh3+ 43. Kg1 e3 44. Qd5 e2
45. Qd4+ Rf6 0-1

[Event "ch-NED"]
[Site "Boxtel NED"]
[Date "2011.07.03"]
[Round "7"]
[White "Nijboer,F"]
[Black "Spoelman,W"]
[Result "1-0"]
[WhiteElo "2538"]
[BlackElo "2564"]
[EventDate "2011.06.25"]

1. e4 c5 2. Nf3 d6 3. d4 cxd4 4. Nxd4 Nf6 5. Nc3 a6 6. Be3 e5 7. Nb3 Be6 8.
f4 exf4 9. Bxf4 Nc6 10. Qe2 Be7 11. h3 Nd7 12. O-O-O Nde5 13. Nd5 O-O 14.
Kb1 b5 15. Qd2 Re8 16. g4 Bf8 17. g5 Nc4 18. Qc1 Bxd5 19. exd5 N6e5 20. Nd4
g6 21. b3 Nb6 22. Nc6 Qc7 23. Bg2 Bg7 24. Rhe1 Nxd5 25. Bxe5 Rxe5 26. Bxd5
Ree8 27. Rf1 Rf8 28. Rde1 1-0

[Event "ch-NED"]
[Site "Boxtel NED"]
[Date "2011.07.03"]
[Round "7"]
[White "L'Ami,E"]
[Black "Brandenburg,D"]
[Result "1/2-1/2"]
[WhiteElo "2611"]
[BlackElo "2535"]
[EventDate "2011.06.25"]

1. d4 Nf6 2. c4 c5 3. d5 b5 4. cxb5 a6 5. e3 axb5 6. Bxb5 Qa5+ 7. Nc3 Bb7
8. Bd2 Qb6 9. a4 Nxd5 10. Nf3 e6 11. O-O Be7 12. e4 Nxc3 13. Bxc3 O-O 14.
e5 Nc6 15. Re1 Qc7 16. Nd2 Rfd8 17. Qg4 Nd4 18. Bxd4 cxd4 19. Rac1 Qb8 20.
Qxd4 Bc6 21. Qc4 Bxb5 22. Qxb5 Qxb5 23. axb5 Rab8 24. Rc7 Rxb5 25. Nc4 Rc5
26. Rxc5 Bxc5 27. Rd1 Kf8 28. Kf1 1/2-1/2

[Event "ch-NED"]
[Site "Boxtel NED"]
[Date "2011.07.03"]
[Round "7"]
[White "Smeets,J"]
[Black "Janssen,Ru"]
[Result "0-1"]
[WhiteElo "2647"]
[BlackElo "2512"]
[EventDate "2011.06.25"]

1. e4 e5 2. Nf3 Nc6 3. Bb5 a6 4. Ba4 d6 5. Bxc6+ bxc6 6. d4 exd4 7. Nxd4
Ne7 8. b3 c5 9. Nf3 Ng6 10. Bb2 Bb7 11. Nbd2 f6 12. h4 h5 13. Qe2 Qe7 14.
O-O-O Nf4 15. Qf1 g6 16. g3 Ne6 17. Qd3 Bh6 18. Rhe1 O-O-O 19. Kb1 Rhe8 20.
Qc3 Bg7 21. Qc4 Qd7 22. Qf1 Qf7 23. Qc4 Qd7 24. Qf1 Qf7 25. Qc4 Bh6 26. Qc3
Rf8 27. Nc4 f5 28. e5 d5 29. Na5 f4 30. Rd3 fxg3 31. fxg3 Qd7 32. Nxb7 Kxb7
33. Bc1 Bxc1 34. Kxc1 Qe7 35. Red1 c6 36. Kb2 Rf5 37. Ng5 Nxg5 38. hxg5
Qxe5 39. g4 hxg4 40. Rg1 Qxc3+ 41. Rxc3 Rxg5 42. Rxc5 Rf8 43. Rc3 Kc7 44.
Re3 Kd6 45. Kc3 Rf3 46. Rxf3 gxf3 47. Rxg5 f2 48. Rxg6+ Ke7 49. Rxc6 f1=Q
50. Kb2 d4 51. Rc4 Qf2 52. Ka3 Kd6 53. Rc8 Qd2 54. b4 Qc1+ 55. Kb3 Qb1+ 56.
Ka3 Kd5 57. Rc7 Ke4 58. Rc5 Ke3 59. Rc4 d3 0-1

[Event "ch-NED"]
[Site "Boxtel NED"]
[Date "2011.07.03"]
[Round "7"]
[White "Sokolov,Ivan"]
[Black "Ernst,S"]
[Result "1/2-1/2"]
[WhiteElo "2645"]
[BlackElo "2596"]
[EventDate "2011.06.25"]

1. d4 Nf6 2. c4 g6 3. Nc3 d5 4. Qa4+ Bd7 5. Qb3 dxc4 6. Qxc4 Bg7 7. g3 Bc6
8. Nf3 Bxf3 9. exf3 Nc6 10. Be3 e5 11. dxe5 Nxe5 12. Qa4+ Qd7 13. Qxd7+
Nfxd7 14. O-O-O Nxf3 15. Nb5 O-O-O 16. Nxa7+ Kb8 17. Be2 Nde5 18. Nb5 g5
19. h3 f5 20. Rxd8+ Rxd8 21. Rd1 Rxd1+ 22. Kxd1 Kc8 23. b3 Kd7 24. a4 h5
25. Bd4 c6 26. Bxe5 Bxe5 27. Bxf3 cxb5 28. Bxb7 bxa4 29. bxa4 f4 30. gxf4
gxf4 31. Ke2 Bd4 32. a5 Kc7 33. Be4 h4 34. Kf3 Kb8 1/2-1/2

[Event "ch-NED"]
[Site "Boxtel NED"]
[Date "2011.07.04"]
[Round "8"]
[White "Ernst,S"]
[Black "Nijboer,F"]
[Result "1/2-1/2"]
[WhiteElo "2596"]
[BlackElo "2538"]
[EventDate "2011.06.25"]

1. d4 f5 2. g3 Nf6 3. Bg2 g6 4. Nf3 Bg7 5. O-O O-O 6. c4 d6 7. Nc3 Nc6 8.
d5 Na5 9. Qa4 c5 10. dxc6 Nxc6 11. Rd1 Kh8 12. Qc2 e5 13. Nb5 Qe7 14. b3 e4
15. Nfd4 Nxd4 16. Rxd4 Ne8 17. Be3 a6 18. Nc3 Be6 19. f3 Bxd4 20. Bxd4+ Kg8
21. Rf1 Nf6 22. fxe4 fxe4 23. Rxf6 Rxf6 24. Nxe4 Rf5 25. g4 Re5 26. h3 Re8
27. Bxe5 dxe5 28. Qc3 Bf7 29. c5 Rd8 30. Nd6 b6 31. Nxf7 Qxf7 32. cxb6 Rd1+
33. Kh2 Qf4+ 34. Qg3 Qd4 35. e3 Qxb6 36. Qxe5 Qd6 37. Qxd6 Rxd6 38. Kg3 g5
39. Bf1 Kg7 40. h4 h6 41. hxg5 hxg5 42. Kf3 Rf6+ 43. Ke2 a5 44. Bg2 Rh6 45.
a3 Rh4 46. Kf3 Kf6 47. b4 1/2-1/2